000
00219 a2200097 4500
001
47572
100
_a
Wlloughby A
245
_a
Mac Arthur 1941-1951
260
_a
London
_b
William Heinemann
_c
090
_c
30586
_d
30586
942
_a
NUST-CAE
_c
M
_c
22876
999
_c
282645
_d
282645